Click the Country - Central and South Asia - Statistics

General Stats
  • This quiz has been taken 414 times
  • The average score is 7 of 13
Answer Stats
Hint Answer % Correct
The Taliban returned to power in 2021 Afghanistan
92%
Has the lowest average elevation of any country Maldives
66%
Dushanbe is its capital Tajikistan
65%
Chittagong is is its second largest city Bangladesh
61%
Changed its capital's name in 2019 and changed it back in 2022 Kazakhstan
61%
Bishkek is its largest city Kyrgyzstan
58%
Jawaharlal Nehru was the first prime minister India
52%
Is home to the Indus River Valley Pakistan
52%
Is doubly landlocked Uzbekistan
52%
Its capital has a large statue of the president's favorite dog breed Turkmenistan
51%
Is home to the world's highest unclimbed mountain Bhutan
42%
Has the highest percentage of Hindus of any country Nepal
38%
Was the first modern country to elect a female head of state Sri Lanka
32%
No matching quizzes found
Score Distribution
Percent of People with Each Score
Percentile by Number Answered
Your Score History
You have not taken this quiz